Types of Seats Quiz Stats

 Plays Quiz Updated Jan 13, 2018

Score 0/18 Timer 03:00
8 Plays Today
% Correct
Wheelchair
98.3%
Bean Bag
98%
Bench
97.9%
Rocking Chair
97.9%
Baby Car Seat
97.8%
Stool
97.5%
Equestrian Saddle
97.1%
Sofa
96.8%
Throne
96.7%
% Correct
Recliner
96.5%
Desk Chair
96.3%
High Chair
96.3%
Bicycle Saddle
95.8%
Armchair
94.6%
(Classic) Chair
93.8%
Fainting Couch
93.8%
Deckchair
91.4%
Sedan Chair
83.3%

You're not logged in!

Compare scores with friends on all Sporcle quizzes.
OR
Log In

You Might Also Like...

Show Comments

Extras

Top Quizzes Today


Score Distribution

Your Account Isn't Verified!

In order to create a playlist on Sporcle, you need to verify the email address you used during registration. Go to your Sporcle Settings to finish the process.

Report this User

Report this user for behavior that violates our Community Guidelines.

Details: